| 000 | 00594nam a2200217Ia 4500 | ||
|---|---|---|---|
| 005 | 20250508161953.0 | ||
| 008 | 008 250505s9999 xx 000 0 eng d | ||
| 020 | _a0-04-371055-7 | ||
| 037 | _aTextual | ||
| 040 |
_aFEDL _beng _cFEDL |
||
| 041 |
_aeng _2eng |
||
| 084 |
_a200, COL _qFEDL |
||
| 100 |
_aCole W. Owen Ed. _972871 |
||
| 245 | 0 | _aWorld faiths in education | |
| 260 |
_aLondon, UK _bGeorge Allen and Unwin Ltd _c1978 |
||
| 300 | _a190p | ||
| 490 | _aUnwin education book series | ||
| 650 | _aReligion | ||
| 942 |
_cTEXL _h200, COL |
||
| 999 |
_c1373576 _d1373576 |
||